Les 2 villes les plus peuplées par région française en N - Statistiques

Statistiques générales
  • Ce quiz a été pris 71 fois
  • Le résultat moyen est 9 sur 24
Statistiques - réponses
Régions Départements Population Villes % Correct
Grand Est Meurthe et Moselle 104 000 Nancy
97%
Pays de la Loire Loire Atlantique 325 000 Nantes
97%
Provence Alpes Côte d’Azur Alpes Maritimes 354 000 Nice
95%
Occitanie Gard 150 000 Nîmes
92%
Nouvelle Aquitaine Deux Sèvres 60 000 Niort
90%
Bourgogne Franche Comté Nièvre 33 000 Nevers
87%
Île de France Hauts de Seine 98 000 Nanterre
80%
Aude 57 000 Narbonne
80%
Seine Saint Denis 72 000 Noisy le Grand
34%
Centre Val de Loire Eure et Loir 9 000 Nogent le Rotrou
31%
Drôme 7 000 Nyons
31%
Oise 13 000 Noyon
30%
Lot et Garonne 7 000 Nérac
11%
Loiret 5 000 Neuville aux Bois
11%
Auvergne Rhône Alpes Rhône 8 000 Neuville sur Saône
11%
Hauts de France Oise 22 000 Nogent sur Oise
8%
Bretagne Ille et Vilaine 8 000 Noyal-Châtillon-sur-Seiche
8%
Ille et Vilaine 7 000 Noyal-sur-Vilaine
8%
Seine Maritime 5 000 Neufchâtel en Bray
7%
Loire Atlantique 9 000 Nort sur Erdre
3%
Bouches du Rhône 6 000 Noves
3%
Meurthe et Moselle 7 000 Neuves-Maisons
2%
Normandie Seine Maritime 7 000 Notre-Dame-de-Bondeville
2%
Côte d'Or 5 000 Nuits Saint Georges
2%
Aucun quiz correspondant
Distribution des résultats
% des personnes avec chaque résultat
Percentile par nombre de réponses
Votre historique - résultats
Vous n’avez pas pris ce quiz